<?xml version="1.0" encoding="UTF-8"?>
<record
    xmlns:xsi="http://www.w3.org/2001/XMLSchema-instance"
    xsi:schemaLocation="http://www.loc.gov/MARC21/slim http://www.loc.gov/standards/marcxml/schema/MARC21slim.xsd"
    xmlns="http://www.loc.gov/MARC21/slim">

  <leader>01625nam a2200265 i 4500</leader>
  <controlfield tag="001">178060</controlfield>
  <controlfield tag="003">ES-MaACL</controlfield>
  <controlfield tag="005">20231204174101.0</controlfield>
  <controlfield tag="008">110516s2003    sp           |||| |dspa d</controlfield>
  <datafield tag="020" ind1=" " ind2=" ">
    <subfield code="a">84-8485-121-4</subfield>
  </datafield>
  <datafield tag="080" ind1=" " ind2=" ">
    <subfield code="a">821.134.2(729.1)-34"19"</subfield>
  </datafield>
  <datafield tag="100" ind1="1" ind2=" ">
    <subfield code="a">Nov&#xE1;s Calvo, Lino,</subfield>
    <subfield code="d">1905-1983</subfield>
    <subfield code="9">86065</subfield>
  </datafield>
  <datafield tag="245" ind1="1" ind2="3">
    <subfield code="a">El comisario ciego </subfield>
    <subfield code="b">:  y otros relatos / </subfield>
    <subfield code="c">Lino Nov&#xE1;s Calvo ; introducci&#xF3;n, selecci&#xF3;n y notas de Cira Romero.</subfield>
  </datafield>
  <datafield tag="260" ind1=" " ind2=" ">
    <subfield code="a">[Sada (A Coru&#xF1;a)] : </subfield>
    <subfield code="b">Edici&#xF3;s do Castro, </subfield>
    <subfield code="c">[2003]</subfield>
  </datafield>
  <datafield tag="300" ind1=" " ind2=" ">
    <subfield code="a">495 p. ; </subfield>
    <subfield code="c">22 cm.</subfield>
  </datafield>
  <datafield tag="490" ind1="1" ind2=" ">
    <subfield code="a">Biblioteca del exilio ; </subfield>
    <subfield code="v">14</subfield>
  </datafield>
  <datafield tag="504" ind1=" " ind2=" ">
    <subfield code="a">Bibliograf&#xED;a: p. 59-62.</subfield>
  </datafield>
  <datafield tag="505" ind1="8" ind2=" ">
    <subfield code="a">Contiene: De 'La luna nona y otros cuentos': ; </subfield>
    <subfield code="t">Aquella noche salieron los muertos ; </subfield>
    <subfield code="t">La noche de Ram&#xF3;n Yend&#xED;a ; </subfield>
    <subfield code="t">Long Island ; </subfield>
    <subfield code="t">En las afueras -  De 'Cayo Canas': ; </subfield>
    <subfield code="t">Cayo Canas ; </subfield>
    <subfield code="t">El otro cayo ; </subfield>
    <subfield code="t">La visi&#xF3;n de Tamar&#xED;a ; </subfield>
    <subfield code="t">Un dedo encima ; </subfield>
    <subfield code="t">&#xA1;Tr&#xED;nquenme ah&#xED; a ese hombre!  - ; </subfield>
    <subfield code="t">No s&#xE9; qui&#xE9;n soy  -  De 'Maneras de contar': ; </subfield>
    <subfield code="t">Un encuentro singular ; </subfield>
    <subfield code="t">A ese lugar donde me llaman ; </subfield>
    <subfield code="t">Un buchito de caf&#xE9;  -  De 8 'narraciones policiales': ; </subfield>
    <subfield code="t">&#xA1;Y baila, y baila y baila! ; </subfield>
    <subfield code="t">Un paseo por la Quinta Avenida  -  Cuentos no recogidos en libros: ; </subfield>
    <subfield code="t">El bejuco ; </subfield>
    <subfield code="t">El comisario ciego ; </subfield>
    <subfield code="t">Ojos de oro ; </subfield>
    <subfield code="t">Angusola y los cuchillos ; </subfield>
    <subfield code="t">El cuarto de morir ; </subfield>
    <subfield code="t">Hacia donde se acuesta el sol</subfield>
  </datafield>
  <datafield tag="700" ind1="1" ind2=" ">
    <subfield code="a">Romero, Cira.</subfield>
    <subfield code="9">146537</subfield>
  </datafield>
  <datafield tag="830" ind1="0" ind2=" ">
    <subfield code="a">Biblioteca del exilio ; </subfield>
    <subfield code="v">14</subfield>
    <subfield code="9">180374</subfield>
  </datafield>
  <datafield tag="852" ind1=" " ind2=" ">
    <subfield code="a">ES-MaACL</subfield>
    <subfield code="9">184919</subfield>
    <subfield code="b">R.145437</subfield>
    <subfield code="j">A-11180</subfield>
    <subfield code="d">Olim: N-4185</subfield>
    <subfield code="c">DEPO1</subfield>
    <subfield code="x">Donaci&#xF3;n: Jose Esteban</subfield>
  </datafield>
  <datafield tag="903" ind1=" " ind2=" ">
    <subfield code="9">234040</subfield>
    <subfield code="a">Esteban, Jos&#xE9;</subfield>
    <subfield code="e">dnr</subfield>
  </datafield>
  <datafield tag="942" ind1=" " ind2=" ">
    <subfield code="2">udc</subfield>
  </datafield>
  <datafield tag="999" ind1=" " ind2=" ">
    <subfield code="c">178060</subfield>
    <subfield code="d">178060</subfield>
  </datafield>
  <datafield tag="952" ind1=" " ind2=" ">
    <subfield code="0">0</subfield>
    <subfield code="1">0</subfield>
    <subfield code="2">udc</subfield>
    <subfield code="4">0</subfield>
    <subfield code="7">0</subfield>
    <subfield code="a">ATENEOM</subfield>
    <subfield code="b">ATENEOM</subfield>
    <subfield code="c">DEPO1</subfield>
    <subfield code="d">2011-05-16</subfield>
    <subfield code="e">DONACION</subfield>
    <subfield code="l">0</subfield>
    <subfield code="o">A-11180</subfield>
    <subfield code="p">1187054</subfield>
    <subfield code="r">2023-02-23 00:00:00</subfield>
    <subfield code="w">2023-02-23</subfield>
    <subfield code="y">MONOGRAFIA</subfield>
  </datafield>
</record>
